000 03006nam0a2200433 4500
001 RU\NLR\BIBL_A\012909367
005 20221220135733.0
010 _a978-5-9775-1227-5
_91200
021 _aRU
_bКН-П-22-057958
_9КН-П-22-5034
035 _a(NLR Aleph) 012909367
035 _a(RuMoRGB)011193564
090 _a12609301
_c12609301
100 _a20221014d2022 u y0rusy50 ca
101 0 _arus
102 _aRU
105 _aa|||z||||||z|
181 1 _ai3
_baxxe
182 1 _an
200 1 _aВзлом
_hверсия 2.0
_eприемы, трюки и секреты хакеров
_eсборник избранных статей из журнала "Хакер"
_fредактор: Ярослава Платонова
203 _aТекст
_bвизуальный
_cнепосредственный
210 _aСанкт-Петербург
_cБХВ-Петербург
_d2022
215 _a271 с.
_cил.
_d24
320 _aБиблиогр. в тексте
320 _aПредм. указ.: с. 269-271
330 _aВ сборнике избранных статей из журнала "Хакер" описана технология инжекта шелл-кода в память KeePass с обходом антивирусов, атака ShadowCoerce на Active Directory, разобраны проблемы heap allocation и эксплуатация хипа уязвимого SOAP-сервера на Linux. Рассказывается о способах взлома протекторов Themida, Obsidium,.NET Reactor, Java-приложений с помощью dirtyJOE, программ fat binary для macOS с поддержкой нескольких архитектур. Даны примеры обхода Raw Security и написания DDoS-утилиты для Windows, взлома компьютерной игры и написания для нее трейнера на языке С++. Описаны приемы тестирования протоколов динамической маршрутизации OSPF и EIGRP, а также протокола DTP. Подробно рассмотрена уязвимость Log4Shell и приведены примеры ее эксплуатации
606 1 _aХакинг (компьют.)
_2nlr_sh1
_2nlr_sh2
_3RU\NLR\AUTH\661270115
606 1 _aDDOS-атаки (компьют.)
_2nlr_sh2
_3RU\NLR\AUTH\6601563895
606 1 _aВычислительные сети
_xНесанкционированный доступ
_2nlr_sh1
_2nlr_sh2
_3RU\NLR\AUTH\661388718
675 _a004.056
_v4
686 _a16.84
_2rubbks
686 1 _aЗ973.23-018-07
686 1 _aЗ988.02-018-07
702 1 _aПлатонова
_bЯ.
_gЯрослава
_4340
711 0 2 _a"Хакер", цифровой журнал
_cМосква
_3RU\NLR\AUTH\880531663
942 _cBOOK
980 _aNB